Análisis Matemático V.2

Bibliographic Details
Main Authors: Rey Pastor, Julio, Pi Callejas, Pedro, Trejo A., Cesar
Format: Section = Libro
Language:Undetermined
Spanish
Published: Argentina Kapelusz 1957
Edition:4a ed.
Subjects:
LEADER 00499nam a2200205Ia 4500
008 240830s9999 xx 000 0 und d
040 |a B-ESTELÍ- RUACS / 515 R456 
041 |a spa 
082 |a 515 R456 
100 1 |a Rey Pastor, Julio 
100 1 |b  Pi Callejas, Pedro 
100 1 |c  Trejo A., Cesar 
245 1 0 |a Análisis Matemático V.2 
250 |a 4a ed. 
260 |a Argentina  |b Kapelusz  |c 1957 
300 |a 624 p. 
650 7 |a MATEMATICA 
942 |c BK  |2 ddc 
991 |a TEXTO 
999 |c 10935